Normal view
MARC view
Entry Personal Name
001 - CONTROL NUMBER
- control field: 21903
003 - CONTROL NUMBER IDENTIFIER
- control field: ARRUPE
005 - DATE AND TIME OF LATEST TRANSACTION
- control field: 20160128112346.0
008 - FIXED-LENGTH DATA ELEMENTS
- fixed length control field: 160128|| aca||aabn | a|a d
040 ## - CATALOGING SOURCE
- Original cataloging agency: ARRUPE
- Transcribing agency: ARRUPE
100 ## - HEADING--PERSONAL NAME
- Personal name: De Waal, J. H. H.
- Fuller form of name: (Jan Hendrik Hofmeyr),
- Dates associated with a name: 1871-1937,
- Relator term: translator.
670 ## - SOURCE DATA FOUND
- Source citation: Work cat.: (ARRUPE)0: Waal, D. C. de (David Christiaan), 1845-1909. 21901, With Rhodes in Mashonaland., 1896.